000 00535nam a2200217Ia 4500
003 OSt
005 20220928135812.0
006 a|||||r|||| 00| 0
007 ta
008 220927b |||||||| |||| 00| 0 eng d
024 _a4845
037 _cTextual
040 _aSDCL
_cSDCL
_beng
041 _2eng
_aeng
082 _aX:57-8, P3
100 _aICFAI University
_9436133
245 0 _aForeign exchange management
260 _c2003
942 _hX:57-8, P3
_cTEXL
_2CC
999 _c808477
_d808477